America premier gunmakers

Bibliographic Details
Main Author: Kirkland, KD
Format: Book
Published: London : Magna Books , 1990
Subjects:

MARC

LEADER 00000cam a2200000 7i4500
001 0000002865
002 000003101
005 20000330.0
020 |a 1854220543 
090 0 0 |a 739.742   |b KIR 
100 1 |a Kirkland, KD 
245 1 0 |a America premier gunmakers   |c KD Kirkland 
260 |a London :   |b Magna Books ,   |c 1990 
300 |a 431p. :   |b illust. ;   |c 30 cm. 
650 0 0 |a Gunmakers   |x United States 
999 |a 035219   |b BUKU   |c RUJUKAN   |e PERPUSTAKAAN KOMUNITI PETALING JAYA